Anecdotas Wayuu / (Registro nro. 1919)

Detalles MARC
000 -LEADER
fixed length control field 02657nam a2200313 4500
001 - CONTROL NUMBER
control field 0000022472
003 - CONTROL NUMBER IDENTIFIER
control field CO-CtgCURN
005 - DATE AND TIME OF LATEST TRANSACTION
control field 20250502143455.0
007 - PHYSICAL DESCRIPTION FIXED FIELD--GENERAL INFORMATION
fixed length control field ta
008 - FIXED-LENGTH DATA ELEMENTS--GENERAL INFORMATION
fixed length control field 160627s2006 000 0 eng d
020 ## - INTERNATIONAL STANDARD BOOK NUMBER
International Standard Book Number 9583390704
040 ## - CATALOGING SOURCE
Original cataloging agency CO-CtgCURN
Language of cataloging spa
Transcribing agency coctgcurn
082 0# - DEWEY DECIMAL CLASSIFICATION NUMBER
Classification number 306.08
Item number N682
100 1# - MAIN ENTRY--PERSONAL NAME
Personal name Nieves Orozco, José Ceferino.
245 10 - TITLE STATEMENT
Title Anecdotas Wayuu /
Statement of responsibility, etc. José Ceferino Nieves Orozco.
260 ## - PUBLICATION, DISTRIBUTION, ETC.
Place of publication, distribution, etc. Bogotá :
Name of publisher, distributor, etc. Nieves Orozco,
Date of publication, distribution, etc. 2006.
300 ## - PHYSICAL DESCRIPTION
Extent 118 p.
336 ## - CONTENT TYPE
Source rdacontent
337 ## - MEDIA TYPE
Source rdamedia
Media type term sin mediacion
Media type code n
338 ## - CARRIER TYPE
Source rdacarrier
Carrier type term volumen
Carrier type code nc
500 ## - GENERAL NOTE
General note Incluye indice -- Incluye glosario wayuu.
504 ## - BIBLIOGRAPHY, ETC. NOTE
Bibliography, etc. note Incluye bibliografia p. (117-118)
505 8# - FORMATTED CONTENTS NOTE
Formatted contents note Descripcion de La Guajira -- Descripcion de la etnia wayuu -- Anecdotas wayuu -- ·Cuanto debe mi? -- ƯEpaa...! -- ·Tu no vas para Riohacha? -- ·Lo que mas te gusta? -- Cayo como alkaseltzer -- Autodenominados -- Wairreñizacion -- El tatuaje -- Herida contusa -- El equilibrio -- Secreto infalible -- Valores a resaltar en el indigena wayuu -- Llamado a descargo -- Peño -- La carne en el pecho -- Vigilante en la garita de la mina -- ·Quien manda a quien? -- Solidaridad -- Ocho por cuatro -- Mocasin -- 16 insolitas, a saber -- Patrullaje vergonzoso -- Inclinenme -- Gastroenteritis -- Hilo dental -- Programas musicales de las emisoras -- La parranda en Majupay -- A por O -- Boli cacimba -- Confidencias -- El gran hallazgo -- Cedula -- Con pienso o sin pienso -- El indigena desempleado -- Mi compadre pizco -- M3 -- Hazañas de indigenas wayuu -- El alcoholico en el velorio -- La indagatoria -- La circuncision -- Yo no, ella si -- La vendedora de chinchorro -- Respuestas comunes en los indigenas wayuu -- La cantina clavijera -- El atraco inteligente -- ƯNo paro en camino! -- La desfachatez del indigena wayuu -- Me bailaron el indio -- Aviso clasificado -- Temporada de elecciones en La Guajira -- Asi de sencillo -- Gajes de la civilizacion -- El culo puyu -- Caballo de buena boca -- El taxista y el reloj -- Recoges lo que siembras -- Indio comido, indio ido -- Plato tipico -- Tazoncito -- En la ye -- Todo en clave -- Con una naranja -- Asi, votan nuestros paisanos -- La corredera -- Escala de richter -- Ala viejo no se le para -- Propuesta indecente -- Prescribio -- Camaron manio -- No Pérez -- Correo de voz -- Camino hacia Jepira -- La existencia de Jepira
651 #0 - SUBJECT ADDED ENTRY--GEOGRAPHIC NAME
Geographic name Wayuu
General subdivision Vida social y costumbres.
651 #0 - SUBJECT ADDED ENTRY--GEOGRAPHIC NAME
Geographic name Wayuu
General subdivision Religion y mitología.
908 ## - PUT COMMAND PARAMETER (RLIN)
Put command parameter 160627
942 ## - ADDED ENTRY ELEMENTS (KOHA)
Koha item type Libros
Classification part 306.08
Item part N682
Source of classification or shelving scheme Dewey Decimal Classification
Suppress in OPAC No
Existencias
Withdrawn status Lost status Source of classification or shelving scheme Damaged status Not for loan Collection Home library Current library Shelving location Date acquired Inventory number Total checkouts Full call number Barcode Date last seen Price effective from Koha item type Public note
    Dewey Decimal Classification     General Miguel Henríquez Castañeda Miguel Henríquez Castañeda General 03/29/2025 000941   306.08 N682 000941 03/29/2025 03/29/2025 Libros 300-CIENSO